Very Difficult Flags #5 - Statistics

General Stats
  • This quiz has been taken 165 times
  • The average score is 9 of 16
Answer Stats
Picture Answer % Correct
McDonald's
96%
Guatemala
91%
Jordan
90%
British Indian Ocean Territory
79%
Indiana
65%
Tibet
64%
Basque
60%
Bavaria
59%
Antarctica
52%
Tennessee
51%
Pitcairn Islands
40%
Martinique
39%
Bali
38%
Midway
18%
Mars
14%
Warsaw
13%
No matching quizzes found
Score Distribution
Percent of People with Each Score
Percentile by Number Answered
Your Score History
You have not taken this quiz